|
|
|
|
| LEADER |
00000nam0a2200000 4500 |
| 001 |
240174 |
| 005 |
20231101231726.0 |
| 010 |
|
|
|a 9785394019678
|
| 035 |
|
|
|a (RuTPU)RU\TPU\book\261422
|
| 090 |
|
|
|a 240174
|
| 100 |
|
|
|a 20130619d2013 km y0rusy50 ca
|
| 101 |
0 |
|
|a rus
|
| 102 |
|
|
|a RU
|
| 105 |
|
|
|a a z 001zy
|
| 200 |
1 |
|
|a Богатство и люди
|f И. С. Алексеев
|
| 210 |
|
|
|a Москва
|c Дашков и К
|d 2013
|
| 215 |
|
|
|a 270 с.
|c ил.
|
| 320 |
|
|
|a Библиогр.: с. 266-269.
|
| 330 |
|
|
|a В книге дается широкий и в то же время детальный анализ сути богатства, его влияния на судьбы людей и государств начиная с давних времен до наших дней. Стремление к богатству (обогащению) — один из двигателей прогресса и вместе с тем одна из главных причин больших и малых конфликтов между странами и людьми. За внешней привлекательностью роскошной жизни богатейших людей кроется немало недостойных честного человека замыслов и дел. В книге показано, как часто неправедными средствами добываются огромные деньги, как они тратятся, что получает от этого общество. Реальные факты, многочисленные источники доказывают, что с богатством самым тесным образом связаны чрезвычайно опасные явления: коррупция, сращивание власти и больших денег, рост преступности, расслоение общества на тех, кто всеми возможными способами обогащается, и тех, кто становится все беднее. Кроме того, неуемное обогащение, крупномасштабные финансовые махинации приводят к кризисам, которые регулярно сотрясают капиталистические страны и всех, кто с ними связан, кто от них зависит. Книга заставляет задуматься над важнейшими проблемами: где границы обогащения, где пределы потребления, что ждет народы и планету в будущем.
|
| 606 |
1 |
|
|a Накопление
|x Экономика
|y Россия
|2 stltpush
|3 (RuTPU)RU\TPU\subj\36945
|9 58138
|
| 610 |
1 |
|
|a богатство
|
| 610 |
1 |
|
|a доходы
|
| 610 |
1 |
|
|a потребление
|
| 610 |
1 |
|
|a ограбления
|
| 610 |
1 |
|
|a власть
|
| 610 |
1 |
|
|a коррупция
|
| 610 |
1 |
|
|a преступность
|
| 610 |
1 |
|
|a сокровища
|
| 610 |
1 |
|
|a миллиардеры
|
| 686 |
|
|
|a У9(2)0-967
|v LBC/SL-A
|2 rubbk
|
| 700 |
|
1 |
|a Алексеев
|b И. С.
|g Иван Степанович
|
| 801 |
|
1 |
|a RU
|b 63413507
|c 20130619
|
| 801 |
|
2 |
|a RU
|b 63413507
|c 20130930
|g RCR
|
| 942 |
|
|
|c BK
|
| 959 |
|
|
|a 100/20130619
|d 1
|e 220,00
|f ЧЗГЛ:1
|